000 00406nam a2200181Ia 4500
005 20240823013301.0
008 240823s9999||||xx |||||||||||||| ||und||
041 _aENGLISH
082 _A158.3 J7
100 _a"Osborn,Alex F"
245 0 _aApplied Imagination
250 _a1st
260 _c1957
_b"Charles,New"
500 _aYES
650 _aPsycology
_bGeneral
942 _cBK
999 _c166803
_d166803